[Event "Petroupoli ASOP Dias Seniors op"]
[Site "Petroupoli"]
[Date "2014.04.05"]
[Round "3.20"]
[White "Darviris, Panagiotis"]
[Black "Vesdekis, Stefanos"]
[Result "1-0"]
[WhiteElo "1463"]
[BlackElo "1160"]
[PlyCount "27"]
[EventDate "2014.03.22"]
[EventType "swiss"]
[EventRounds "7"]
[EventCountry "GRE"]
[SourceTitle "EXT 2024"]
[Source "ChessBase"]
[SourceDate "2023.10.10"]
[SourceVersion "1"]
[SourceVersionDate "2023.10.10"]
[SourceQuality "1"]

1. e4 d5 2. exd5 Nf6 3. Bb5+ Bd7 4. Nc3 Bxb5 5. Nxb5 Nxd5 6. Nf3 Qd7 7. c4 Nf4 8. 0-0 Nc6 9. d4 0-0-0 10. Bxf4 a6 11. Nxc7 g5 12. Nxg5 Qf5 13. Nd5 e6 14. Nb6# 1-0

[Event "Petroupoli-ch"]
[Site "Petropouli"]
[Date "2014.03.08"]
[Round "7"]
[White "Vesdekis, Stefanos"]
[Black "Koutsounis, Vasilios"]
[Result "0-1"]
[WhiteElo "1005"]
[BlackElo "1359"]
[PlyCount "134"]
[EventDate "2014.01.25"]
[EventType "swiss"]
[EventRounds "7"]
[EventCountry "GRE"]
[SourceTitle "EXT 2015"]
[Source "ChessBase"]
[SourceDate "2014.11.20"]
[SourceVersion "1"]
[SourceVersionDate "2014.11.20"]
[SourceQuality "1"]

1. e4 c5 2. b3 d6 3. Bb2 Nf6 4. Nc3 Nc6 5. Bb5 Bd7 6. Bc4 g6 7. Nd5 Bg7 8. Bxf6 Bxf6 9. c3 Bg7 10. f4 e6 11. Ne3 0-0 12. Nf3 a6 13. a4 a5 14. 0-0 Ne7 15. Qc1 Bc6 16. Bd3 b6 17. Bc2 Bb7 18. Qe1 Ba6 19. d3 Nc6 20. Qd2 Qf6 21. Rf2 Qxc3 22. Qxc3 Bxc3 23. Rc1 Nd4 24. Nxd4 Bxd4 25. Rf3 Bb7 26. Rh3 f5 27. Kf2 Bxe3+ 28. Kxe3 d5 29. e5 d4+ 30. Kf2 Bd5 31. Rg1 Rab8 32. g4 b5 33. Ke2 bxa4 34. bxa4 Bb3 35. Kd2 Bxc2 36. Kxc2 Rb4 37. Ra1 fxg4 38. Rg3 Rxf4 39. Rg2 Rf3 40. Ra3 h5 41. Rd2 Re3 42. Rb3 Rxe5 43. Rxb4 cxb4 44. Rf2 Rf5 45. Re2 Kf7 46. Kb3 Rf3 47. Kc4 Re3 48. Rf2+ Rf3 49. Re2 Rf4 50. Kb5 Rf5+ 51. Kc4 Kf6 52. Kxd4 Rf3 53. Kc4 Rf4+ 54. Kb5 Rf5+ 55. Kc4 Rd5 56. Rf2+ Rf5 57. Re2 h4 58. Rg2 Rg5 59. Rf2+ Ke7 60. Kd4 g3 61. hxg3 hxg3 62. Rg2 b3 63. Kc3 Kd6 64. Kxb3 Kc5 65. Rc2+ Kb6 66. d4 g2 67. Rxg2 Rxg2 0-1

[Event "Petroupoli-ch"]
[Site "Petropouli"]
[Date "2014.02.15"]
[Round "4"]
[White "Darviris, Panagiotis"]
[Black "Vesdekis, Stefanos"]
[Result "1-0"]
[WhiteElo "1470"]
[BlackElo "1005"]
[PlyCount "91"]
[EventDate "2014.01.25"]
[EventType "swiss"]
[EventRounds "7"]
[EventCountry "GRE"]
[SourceTitle "EXT 2015"]
[Source "ChessBase"]
[SourceDate "2014.11.20"]
[SourceVersion "1"]
[SourceVersionDate "2014.11.20"]
[SourceQuality "1"]

1. c4 Nf6 2. g3 c6 3. Bg2 e5 4. Nc3 b6 5. Nf3 Bd6 6. 0-0 Bb7 7. d4 e4 8. Ng5 c5 9. Ngxe4 Bxe4 10. Nxe4 Nxe4 11. Bxe4 Nc6 12. Bxc6 dxc6 13. e4 cxd4 14. Qxd4 0-0 15. b3 Re8 16. Bb2 Be5 17. Qxd8 Raxd8 18. Bxe5 Rxe5 19. Rfd1 Rde8 20. f3 h6 21. Rd7 R5e7 22. Rad1 Rxd7 23. Rxd7 Ra8 24. Kf2 Kf8 25. Ke3 Ke8 26. Rc7 c5 27. f4 a6 28. e5 Rd8 29. Rb7 b5 30. cxb5 axb5 31. Rxb5 Rc8 32. Rb7 c4 33. Kd2 cxb3 34. axb3 h5 35. Kd3 h4 36. b4 h3 37. e6 Kf8 38. Rxf7+ Kg8 39. Rf5 Rd8+ 40. Ke2 Rc8 41. e7 Re8 42. Re5 Kf7 43. b5 Rxe7 44. Rxe7+ Kxe7 45. Kf3 Kd7 46. Kg4 1-0

[Event "Petroupoli-ch"]
[Site "Petropouli"]
[Date "2014.02.08"]
[Round "3"]
[White "Vesdekis, Stefanos"]
[Black "Andrikopoulos, Konstantinos"]
[Result "1-0"]
[WhiteElo "1005"]
[BlackElo "1005"]
[PlyCount "35"]
[EventDate "2014.01.25"]
[EventType "swiss"]
[EventRounds "7"]
[EventCountry "GRE"]
[SourceTitle "EXT 2015"]
[Source "ChessBase"]
[SourceDate "2014.11.20"]
[SourceVersion "1"]
[SourceVersionDate "2014.11.20"]
[SourceQuality "1"]

1. e4 e5 2. Nf3 Nc6 3. Bc4 Bc5 4. d4 exd4 5. Ng5 Ne5 6. Nxf7 Qh4 7. Nxe5 Nf6 8. 0-0 Bd6 9. Nf3 Qh5 10. Qxd4 Rf8 11. Bg5 Ng4 12. e5 Rxf3 13. Bf4 g5 14. exd6 Rxf4 15. Re1+ Kd8 16. Qh8+ Rf8 17. Qxf8+ Qe8 18. Qxe8# 1-0